| 000 | 003180000a22000970004500 | ||
|---|---|---|---|
| 100 | 1 | _aProvan, Iain W. | |
| 245 | 1 | 0 | _aFoul spirits, fornication and finance : Revelation 18 from an Old Testament perspective |
| 300 | _aNúm 64 (1996), Páginas 81-100 | ||
| 773 | 0 | _tJournal for the Study of the New Testament | |
| 942 | _cANA | ||
| 999 |
_c56085 _d56085 |
||